[Event "FSIMB Feb"]
[Site "Budapest HUN"]
[Date "2003.02.04"]
[Round "4"]
[White "Peredy,F"]
[Black "Szabo,K"]
[Result "1/2-1/2"]
[WhiteElo "2311"]
[BlackElo "2239"]

1.d4 Nf6 2.Bg5 e6 3.e4 h6 4.Bxf6 Qxf6 5.Nc3 Bb4 6.Qd2 O-O 7.a3 Ba5 8.f4 d6
9.Nf3 Nd7 10.e5 dxe5 11.fxe5 Qe7 12.b4 Bb6 13.Ne4 a5 14.Rb1 axb4 15.axb4 f6
16.exf6 Nxf6 17.Nxf6+ Qxf6 18.Bc4 Kh8 19.O-O Bd7 20.Rbe1 Qf4 21.Qxf4 Rxf4
22.c3 Ra3 23.Ne5 Rxf1+ 24.Rxf1 Rxc3 25.Rf8+ Kh7 26.Bd3+ Rxd3 27.Nxd3 Bxd4+
28.Kf1 Bb5 29.Ke2 e5 30.Rd8 Bg1 31.Rd5 Bc6 32.Rxe5 Bxh2 33.Rh5 Bg3 34.Rh3 Bd6
35.g4 Bd7 36.Nf2 Bxb4 37.Rb3 c5 38.Ke3 Be6 39.Rb1 b6 40.Nd3 Ba5 41.Ne5 c4
42.g5 hxg5 43.Nc6 c3 44.Nxa5 bxa5 45.Rc1 a4 46.Rxc3 Bb3 47.Ke4 Kg6 48.Kf3 Kf6
49.Rc6+ Kf5 50.Rc5+ Kg6 51.Ra5 Bd1+ 52.Kg3 Bc2 53.Kg4 Bd1+ 54.Kg3 Kf6 55.Ra6+ Kf7
56.Ra7+ Kg6 57.Ra6+ Kh5 58.Ra7 Kh6 59.Ra6+ g6 60.Ra5 Bb3  1/2-1/2

[Event "11th Aosta Open"]
[Site "Saint Vincent ITA"]
[Date "2003.02.08"]
[Round "1"]
[White "Diotallevi,M"]
[Black "Legky,N"]
[Result "0-1"]
[WhiteElo "2094"]
[BlackElo "2507"]

1.d4 Nf6 2.Bg5 e6 3.e4 h6 4.Bxf6 Qxf6 5.c3 d6 6.Nf3 Nd7 7.Nbd2 g6 8.Bd3 Bg7
9.O-O O-O 10.Nc4 e5 11.dxe5 Nxe5 12.Nfxe5 dxe5 13.Ne3 c6 14.Qe2 Qe7 15.Rad1 Bd7
16.Bc4 Rad8 17.Rd2 Bc8 18.Rfd1 Rxd2 19.Qxd2 Bf6 20.Qd6 Qxd6 21.Rxd6 Kg7 22.Bb3 Be7
23.Rd1 Rd8 24.Rxd8 Bxd8 25.Nc4 Bc7 26.Nd2 f5 27.Kf1 Kf6 28.Ke2 b5 29.a3 h5
30.Bc2 c5 31.Bd3 c4 32.Bc2 Bd6 33.h3 Be6 34.Bb1 Bf8 35.h4 Bh6 36.Bc2 Bd7
37.g3 Bc6 38.exf5 gxf5 39.a4 bxa4 40.Bb1 a3 41.bxa3 Bf8 42.Nxc4 Bb5 43.Ba2 Bxa3
44.Kd2 Bc5 45.Ne3 f4 46.gxf4 exf4 47.Ng2 Bd6 48.Bd5 a5 49.Bf3 Be8 50.Ne1 Kf5
51.Ng2 Bc5  0-1

[Event "Open"]
[Site "Cappelle la Grande FRA"]
[Date "2003.02.22"]
[Round "1"]
[White "Agababean,N"]
[Black "Turov,M"]
[Result "0-1"]
[WhiteElo "2319"]
[BlackElo "2525"]

1.d4 Nf6 2.Bg5 e6 3.e4 h6 4.Bxf6 Qxf6 5.e5 Qd8 6.Nf3 d6 7.Bd3 g5 8.O-O Bg7
9.Re1 Nd7 10.exd6 cxd6 11.c3 O-O 12.Na3 Nf6 13.Nd2 Bd7 14.Ne4 Bc6 15.Nxf6+ Qxf6
16.Nc4 Qd8 17.Ne3 Bd7 18.d5 Qb6 19.Rb1 Rae8 20.Qh5 exd5 21.Nxd5 Qc5 22.Ne7+ Kh8
23.Qf3 Be5 24.Nf5 Bf4 25.Nxh6 Kg7 26.Rxe8 Rxe8 27.Qxb7 Re7 28.Nf5+ Bxf5 29.Qxe7 Bxd3
30.Re1 g4 31.g3 Bg5 32.Qb7 Bf5 33.a3 a5 34.Re8 Bf6 35.Qa8 Qb5 36.Rh8 Kg6
37.Qg8+ Bg7 38.Qh7+ Kf6 39.Qh4+ Ke6 40.Rg8 Qxb2 41.Re8+ Kd5 42.Qg5 Qb1+ 43.Kg2 Be5
44.Qd2+ Bd3 45.h4 Kc6  0-1

[Event "6th Open"]
[Site "Malaga ESP"]
[Date "2003.02.22"]
[Round "2"]
[White "Linan Baena,J"]
[Black "Vasquez,R"]
[Result "0-1"]
[WhiteElo "2176"]
[BlackElo "2481"]

1.d4 Nf6 2.Bg5 e6 3.e3 Be7 4.Nd2 b6 5.Bd3 Bb7 6.Ngf3 c5 7.c3 d6 8.O-O Nbd7
9.Qe2 O-O 10.e4 h6 11.Bxf6 Bxf6 12.Rfd1 Qc7 13.Nf1 cxd4 14.cxd4 Rfc8 15.Qd2 Qd8
16.Rac1 Rxc1 17.Rxc1 Rc8 18.Ne3 Be7 19.Rxc8 Qxc8 20.Qc3 Qb8 21.h3 Nf6 22.Qc2 b5
23.Nd2 a6 24.Nb3 Bd8 25.Nc1 Bb6 26.Ne2 Qa8 27.f3 Qa7 28.Kh2 Bxd4 29.Ng4 Nxg4+
30.hxg4 Bb6 31.f4 Bd8  0-1

[Event "Open"]
[Site "Portsmouth ENG"]
[Date "2003.02.22"]
[Round "3"]
[White "Povah,N"]
[Black "Cherniaev,A1"]
[Result "0-1"]
[WhiteElo "2360"]
[BlackElo "2504"]

1.d4 Nf6 2.Bg5 e6 3.e4 c5 4.e5 h6 5.Bd2 Ne4 6.Bd3 Nxd2 7.Nxd2 cxd4 8.f4 Nc6
9.Ngf3 d5 10.a3 Bc5 11.b4 Bb6 12.Nb3 Bd7 13.O-O a6 14.Qe1 O-O 15.Kh1 Rc8
16.g4 f6 17.Qg3 fxe5 18.fxe5 g5 19.Qh3 Kg7 20.Nc1 Bc7 21.Ne2 Nxe5 22.Nxe5 Bxe5
23.Ng3 Bxg3 24.Qxg3 Qc7 25.Qh3 Qd6  0-1

[Event "Open"]
[Site "Portsmouth ENG"]
[Date "2003.02.22"]
[Round "4"]
[White "Povah,N"]
[Black "Webb,Ri"]
[Result "1/2-1/2"]
[WhiteElo "2360"]
[BlackElo "2372"]

1.d4 Nf6 2.Bg5 e6 3.e4 h6 4.Bxf6 Qxf6 5.Nc3 d6 6.Qd2 g5 7.O-O-O Bg7 8.g3 Nc6
9.Bb5 Bd7 10.Nge2 O-O-O 11.f4 a6 12.e5 dxe5 13.dxe5 Qe7 14.Bd3 gxf4  1/2-1/2

[Event "Open"]
[Site "Portsmouth ENG"]
[Date "2003.02.22"]
[Round "4"]
[White "Buckley,Si"]
[Black "Rayner,F"]
[Result "1-0"]
[WhiteElo "2266"]
[BlackElo "2216"]

1.d4 Nf6 2.Bg5 e6 3.e4 c5 4.d5 d6 5.Nc3 Be7 6.Bb5+ Bd7 7.dxe6 fxe6 8.e5 dxe5
9.Qe2 Nc6 10.O-O-O Nd5 11.Qh5+ g6 12.Bxe7 Qxe7 13.Qf3 Nd4 14.Nxd5 exd5 15.Bxd7+ Qxd7
16.Qf6 Rf8 17.Qxe5+ Qe6 18.Re1 Kd7 19.c3 Qf7 20.cxd4 Rae8 21.Nf3  1-0

[Event "TCh-BEL 2002-3"]
[Site "Belgium BEL"]
[Date "2003.02.23"]
[Round "9"]
[White "Vandevoort,P"]
[Black "Leenhouts,K"]
[Result "1-0"]
[WhiteElo "2348"]
[BlackElo "2246"]

1.d4 Nf6 2.Bg5 e6 3.e4 c5 4.d5 h6 5.Bxf6 Qxf6 6.Nc3 d6 7.Nf3 e5 8.Be2 Be7
9.O-O O-O 10.Nd2 Qg6 11.Nc4 Nd7 12.a4 Nf6 13.Bf3 Bd7 14.Ra3 Rab8 15.Re1 Ne8
16.Rb3 b6 17.Na5 Rc8 18.Nc6 Bxc6 19.dxc6 Rxc6 20.Nd5 Bd8 21.Bg4 Nf6 22.Bf5 Qg5
23.Rg3 Qh4 24.Ree3 Nxd5 25.Qxd5 Rc7 26.Rg4 Qf6 27.Rg6 Qh4 28.Reg3 Bg5 29.Rg4 Qh5
30.h4 Kh8 31.Qxd6 fxg6 32.Qxf8+ Kh7 33.Be6  1-0

[Event "4th ch-Asia"]
[Site "Doha QAT"]
[Date "2003.02.28"]
[Round "7"]
[White "Torre,E"]
[Black "Kotsur,P"]
[Result "1/2-1/2"]
[WhiteElo "2519"]
[BlackElo "2586"]

1.d4 Nf6 2.Bg5 e6 3.e4 h6 4.Bxf6 Qxf6 5.c3 d6 6.Bd3 Qg5 7.g3 e5 8.Nd2 Nc6
9.Ne2 g6 10.f4 Qe7 11.Bb5 Bd7 12.Qa4 a6 13.d5 Nb8 14.Bxd7+ Nxd7 15.f5 h5
16.Qc4 Bh6 17.Nf3 Nc5 18.O-O b5 19.Qb4 O-O 20.c4 Rab8 21.b3 Nxe4 22.cxb5 Nf6
23.Nc3 axb5 24.Rae1 Qd7 25.Qh4 b4 26.Ne4 Nxe4 27.Rxe4 Qb5 28.g4 Qxd5 29.g5 Bg7
30.f6 Bh8 31.Re2 Rb5 32.Nd2 Ra8 33.Ne4 Rba5 34.Qf2 Qe6 35.Rc1 d5 36.Nc5 Qg4+
37.Qg2 Qf4 38.Rcc2 h4 39.h3 e4 40.Qg4 Qe5 41.Nd3 Qa1+ 42.Ne1 Bxf6 43.gxf6 Qxf6
44.Ng2 Qa1+ 45.Kh2 Rxa2 46.Rxa2 Rxa2 47.Qc8+ Kg7 48.Rxa2 Qxa2 49.Qxc7 Qxb3
50.Qe5+ Kh7 51.Nxh4 Qc2+ 52.Ng2 b3 53.Qf4 Kg8 54.Qb8+ Kg7 55.Qe5+ Kh7 56.Qf4 Qc3
57.Qxf7+ Qg7 58.Qf4 Qe7 59.Qb8 d4 60.Qxb3 Qe5+ 61.Kg1 e3 62.Qf7+ Kh6 63.Nf4 Qf5
64.Qxf5 gxf5 65.h4 d3 66.Kf1 d2 67.Ke2 Kg7 68.Ng2 Kh6 69.Nxe3 f4  1/2-1/2

[Event "10th Metalis Open"]
[Site "Bizovac CRO"]
[Date "2003.03.02"]
[Round "8"]
[White "Kovacevic,B"]
[Black "Zelcic,R"]
[Result "1/2-1/2"]
[WhiteElo "2442"]
[BlackElo "2576"]

1.d4 Nf6 2.Bg5 e6 3.e4 c5 4.d5 h6 5.Bxf6 Qxf6 6.Nc3 d6 7.Nf3 e5 8.Be2 Be7
9.Nd2 O-O 10.O-O Qg6 11.Nc4 Nd7 12.Bh5 Qg5 13.Bg4 Rb8 14.a4 Nb6 15.Bxc8 Nxc4
16.Bh3 a6 17.Qe2 Nb6 18.Rfb1 Rfd8 19.a5 Nd7 20.g3 h5 21.Nd1 h4 22.Ne3 g6
23.Qg4 hxg3 24.hxg3 Qxg4 25.Bxg4 Nf6 26.Bf3 Nd7 27.Bg2 Kg7 28.Bh3 Nf6 29.Ra4 Rh8
30.Kg2 Rhd8 31.Kf1 Rh8 32.Bg2 Nd7 33.Ke2 Bg5 34.Nc4 b5 35.axb6 Nxb6 36.Nxb6 Rxb6
37.b3 Ra8 38.Rba1 Bd8 39.Ra5 f5 40.Kd3 Ra7 41.f4 Bf6 42.R1a4 Ra8 43.Bf3 Rh8
44.Rxa6 Rxa6 45.Rxa6 Rh3 46.Rxd6 exf4 47.exf5 fxg3 48.Rd7+ Kg8 49.Kc4 gxf5
50.d6 Rh2 51.Bd5+ Kh8 52.Rf7 Rxc2+ 53.Kb5 Rd2 54.Rxf6 Rxd5 55.Kc6 Kg7 56.Kxd5 Kxf6
57.Kc6 g2 58.d7 Ke7 59.Kc7 g1=Q 60.d8=Q+ Ke6 61.Qd6+ Kf7 62.Qd5+ Kf6 63.Kc6 f4
64.Qd8+ Kf5  1/2-1/2

[Event "Tch-SWE 2002-3"]
[Site "Sweden SWE"]
[Date "2003.03.14"]
[Round "9"]
[White "Hellborg,T"]
[Black "Johansson,Mi1"]
[Result "0-1"]
[WhiteElo "2240"]
[BlackElo "2275"]

1.d4 Nf6 2.Bg5 e6 3.e4 h6 4.Bxf6 Qxf6 5.Nc3 Bb4 6.Qd2 c5 7.e5 Qd8 8.dxc5 Qc7
9.f4 O-O 10.Nge2 b6 11.a3 Bxc5 12.Ne4 Bb7 13.N2c3 a6 14.Bd3 Kh8 15.Nxc5 Qxc5
16.Be4 d5 17.exd6 Bxe4 18.Nxe4 Qc6 19.Nc3 Rd8 20.O-O-O Ra7 21.Qe3 Rad7 22.Ne4 f5
23.Nf2 Rxd6 24.Rxd6 Rxd6 25.Rg1 Nd7 26.Nd3 a5 27.g3 Kh7 28.Re1 b5 29.Kb1 Qc4
30.Qa7 b4 31.Qxa5 b3 32.Qc3 Qd5 33.Nb4 Qd1+  0-1

[Event "TCh-FIN 2002-3"]
[Site "Finland FIN"]
[Date "2003.03.16"]
[Round "9"]
[White "Puranen,J"]
[Black "Kallio,H"]
[Result "0-1"]
[WhiteElo "2317"]
[BlackElo "2501"]

1.d4 Nf6 2.Bg5 e6 3.Nf3 h6 4.Bh4 c5 5.c3 b6 6.Nbd2 Bb7 7.e3 Be7 8.Bd3 cxd4
9.exd4 d6 10.Qe2 Nbd7 11.h3 a6 12.a4 Nh5 13.Bxe7 Qxe7 14.g3 Nhf6 15.O-O O-O
16.Rae1 Rfe8 17.Nc4 Bc6 18.Nh4 Qf8 19.Bc2 b5 20.Na5 Bd5 21.f4 Rec8 22.Qd3 Qd8
23.b4 Ra7 24.Re3 Rac7 25.axb5 Rxc3 26.Qxc3 Rxc3 27.Rxc3 axb5 28.Kh2 g6 29.Ng2 Bxg2
30.Kxg2 Nd5 31.Rb3 Nxb4 32.Rxb4 Qxa5 33.Rfb1 Nf6 34.R1b2 Nd5 35.Rxb5 Qd2+
36.Kf3 Kg7 37.R5b3 Qxd4 38.Be4 Nf6 39.Bd3 h5 40.h4 Qd5+  0-1

[Event "OSS IM"]
[Site "Oslo NOR"]
[Date "2003.04.03"]
[Round "1"]
[White "Hjelm,N"]
[Black "Johannessen,S"]
[Result "1-0"]
[WhiteElo "2323"]
[BlackElo "2324"]

1.d4 Nf6 2.Bg5 e6 3.e4 h6 4.Bxf6 Qxf6 5.c3 b6 6.Bd3 Bb7 7.Qe2 c5 8.Nf3 cxd4
9.Nxd4 Nc6 10.Nxc6 Bxc6 11.Nd2 Bd6 12.Rd1 Bc7 13.Nf3 O-O 14.Bb5 Rad8 15.O-O Qf4
16.Bxc6 dxc6 17.g3 Qg4 18.Kg2 e5 19.Qc4 Qe6 20.Qxe6 fxe6 21.Rfe1 Kf7 22.Kf1 Kf6
23.Ke2 b5 24.Rxd8 Rxd8 25.Rd1 Rxd1 26.Kxd1 Bb6 27.Ke2 a5 28.b3 Ba7 29.Ne1 g5
30.h3 Bb6 31.Nd3 h5 32.Kf3 Ba7 33.Ne1 Bc5 34.Ke2 Bb6 35.Nf3 Bc5 36.h4 gxh4
37.Nxh4 Bb6 38.Nf3 Bc5 39.Ne1 Bd6 40.Kf3 Kg5 41.Kg2 Bc5 42.Nd3 Bd6 43.Kh3 Kg6
44.c4 bxc4 45.bxc4 Kg5 46.Ne1 Bc5 47.Kg2 Bd4 48.Nf3+ Kg4 49.Nh4 Kg5 50.Kf3 Bc5
51.Ng2 Bd4 52.Nh4 Bc5 53.Ke2 Bb6 54.Nf3+ Kf6 55.Ne1 Bd4 56.Nd3 Kg5 57.Nc1 a4
58.Nd3 c5 59.Ne1 Kg4 60.Nf3 Bb2 61.Nh4 Kg5 62.Kf3 Bd4 63.Kg2 Bb2 64.Kh3 Bd4
65.Nf3+ Kf6 66.Kg2 Kg6 67.Ne1 Kg5 68.Nd3 Kg4 69.f3+ Kg5 70.Kh3 Kg6 71.Kh4 Kh6
72.g4 hxg4 73.fxg4 Kg6 74.g5 Kg7 75.Kh5 Kh7 76.Ne1 Kg7 77.Nf3 Bc3 78.Nh2 Bd4
79.Ng4 Bc3 80.Nf6 Bd4 81.Ne8+ Kf8 82.Nc7 Kf7 83.g6+ Kg7 84.Nxe6+ Kg8 85.Kg5  1-0

[Event "National I"]
[Site "Bordeaux FRA"]
[Date "2003.04.04"]
[Round "4"]
[White "Gouret,T"]
[Black "Bernard,Ja"]
[Result "1-0"]
[WhiteElo "2264"]
[BlackElo "2211"]

1.d4 Nf6 2.Bg5 e6 3.e3 c5 4.c3 cxd4 5.exd4 d5 6.Nf3 Be7 7.Bd3 Nc6 8.Nbd2 O-O
9.O-O a5 10.Re1 b6 11.Qe2 Bb7 12.Rad1 Re8 13.Ne5 Nxe5 14.dxe5 Nd7 15.Bxe7 Qxe7
16.Nf3 Nc5 17.Nd4 Ba6 18.Bxa6 Nxa6 19.Rd3 Nc5 20.Rh3 Qg5 21.Rg3 Qf4 22.Rg4 Qh6
23.f4 Ne4 24.c4 Rac8 25.cxd5 exd5 26.Nf5 Qc6 27.Nxg7 Qc5+ 28.Kf1 Kh8 29.Nxe8 Rxe8
30.g3 Rc8 31.f5 Qd4 32.Rxe4 dxe4 33.Qxe4 Qxb2 34.Re2 Qc1+ 35.Kg2 Qc6 36.Qxc6 Rxc6
37.Kf3 Kg7 38.Rd2 Kf8 39.Ke4 Ke7 40.Kd5 Rc5+ 41.Kd4 Rc1 42.Rb2 Rc6 43.g4 h6
44.a4 Kd7 45.h3 Kc7 46.Rb3 f6 47.exf6 Rxf6 48.h4 Rd6+ 49.Ke5 Rd1 50.g5  1-0

[Event "Open"]
[Site "Tampa USA"]
[Date "2003.04.11"]
[Round "1"]
[White "Diaz,Dag"]
[Black "Ehlvest,J"]
[Result "1-0"]
[WhiteElo "2245"]
[BlackElo "2587"]

1.d4 Nf6 2.Bg5 e6 3.e3 d6 4.Nf3 Nbd7 5.Nbd2 h6 6.Bh4 g5 7.Bg3 Nh5 8.Bd3 Bg7
9.Ne4 f5 10.Nfd2 Ndf6 11.Nxf6+ Nxf6 12.h4 g4 13.e4 Nh5 14.exf5 exf5 15.Qe2+ Kf7
16.O-O-O Re8 17.Qf1 f4 18.Bh2 d5 19.c3 Bd7 20.Bc2 Qf6 21.Qd3 Re7 22.Rhe1 Rae8
23.Rxe7+ Rxe7 24.f3 Re3 25.Qf1 Qxh4 26.fxg4 Qxg4 27.Nf3 Ng3 28.Bxg3 Qxg3
29.Re1 Rxe1+ 30.Nxe1 Qe3+ 31.Kb1 Bf8 32.Qh1 Bg4 33.Nd3 Kg7 34.Ne1 Be2 35.a4 Be7
36.Nf3 Bd3 37.Qh3 Bxc2+ 38.Kxc2 Qe4+ 39.Kc1 Bd6 40.Qd7+ Qe7 41.Qg4+ Kf6 42.Qh5 Qe3+
43.Kd1 Qd3+ 44.Nd2 Ke6 45.Qxh6+ Kd7 46.Qh3+ Qxh3 47.gxh3 Ke6 48.Ke2 Kf5 49.Kf3 b6
50.Nb3 c5 51.Nc1 cxd4 52.cxd4 Bb4 53.Nd3 Bd2 54.b4 Be3 55.b5 Kg5 56.Nb4 Bxd4
57.Nxd5 Be5 58.Nb4 Kf5 59.Nc6 Bf6 60.Nxa7 Ke5 61.Nc6+ Kd6 62.Kxf4 Kc5 63.Ke4 Bh4
64.Ne5 Kb4 65.Kd5 Kxa4 66.Kc6 Bf2  1-0

[Event "ch-SCO"]
[Site "Edinburgh SCO"]
[Date "2003.04.12"]
[Round "8"]
[White "Orr,M"]
[Black "Pritchett,C"]
[Result "1/2-1/2"]
[WhiteElo "2362"]
[BlackElo "2318"]

1.d4 Nf6 2.Bg5 e6 3.Nf3 c5 4.e3 h6 5.Bh4 cxd4 6.exd4 Qb6 7.Nbd2 Qxb2 8.Bxf6 gxf6
9.Bd3 Nc6 10.d5 Ne5 11.O-O Nxd3 12.cxd3 Bg7 13.Nc4 Qb4 14.Rb1 Qc5 15.Rb5 Qc7
16.d6 Qb8 17.Nd4 b6 18.Qg4 Kf8 19.Rh5 Ba6 20.Qg3 Bxc4 21.dxc4 Qb7 22.Nb5 Rc8
23.Nc7 Qc6 24.Qd3 f5 25.Re1 Bf6 26.Rh3 Rg8 27.Rf3 Rg5 28.Qa3 Kg7 29.h3 Rg6
30.Qd3 Kh7 31.Kf1 Rcg8 32.g4 Kh8  1/2-1/2

[Event "XXXIV Open"]
[Site "Mar del Plata ARG"]
[Date "2003.04.14"]
[Round "4"]
[White "Stefanova,A"]
[Black "Labollita,M"]
[Result "0-1"]
[WhiteElo "2550"]
[BlackElo "2433"]

1.d4 Nf6 2.Bg5 e6 3.Nd2 c5 4.e3 Be7 5.c3 b6 6.Ngf3 Bb7 7.Bd3 Nc6 8.a3 cxd4
9.cxd4 O-O 10.O-O Nd5 11.Bxe7 Ncxe7 12.b4 Ng6 13.Re1 Qe7 14.e4 Ndf4 15.Bf1 f5
16.g3 fxe4 17.Nxe4 Bxe4 18.Rxe4 Nd5 19.Re1 a5 20.b5 Rac8 21.Ne5 Nxe5 22.Rxe5 Rc3
23.Bg2 Nf6 24.Re3 Rxe3 25.fxe3 e5 26.Qd3 Re8 27.Qc4+ Kh8 28.d5 e4 29.Qd4 Qd6
30.Rf1 Re5 31.Bxe4 h5 32.Bg2 Ng4 33.e4 Rg5 34.Qd2 Rg6 35.Qf4 Qc5+ 36.Kh1 Rf6
37.Qg5 Nf2+ 38.Rxf2 Rxf2 39.Qxh5+ Kg8 40.h3 Rf6 41.Qe8+ Kh7 42.Qh5+ Rh6 43.Qe2 d6
44.a4 Qc3 45.e5 Qxe5 46.Qf2 Rg6  0-1

[Event "8th Cvitanovic Mem"]
[Site "Spilt CRO"]
[Date "2003.05.03"]
[Round "6"]
[White "Brumen,D"]
[Black "Polak,T"]
[Result "1-0"]
[WhiteElo "2371"]
[BlackElo "2463"]

1.d4 Nf6 2.Bg5 e6 3.e3 h6 4.Bxf6 Qxf6 5.f4 g5 6.fxg5 hxg5 7.Nc3 Bb4 8.Qd2 b6
9.O-O-O Bb7 10.a3 Bxc3 11.Qxc3 Nc6 12.Kb1 O-O-O 13.e4 Rh6 14.Be2 Rdh8 15.Nf3 g4
16.Ne5 Nxe5 17.dxe5 Qg6 18.Bb5 c6 19.Rd4 Qg5 20.Rd6 Rxh2 21.Rhd1 Rd8 22.Bxc6 Bxc6
23.Rxd7  1-0

[Event "St Petersburg vs. Moscow"]
[Site "St Petersburg RUS"]
[Date "2003.05.03"]
[Round "1"]
[White "Kremenietsky,AnM"]
[Black "Osnos,V"]
[Result "1/2-1/2"]
[WhiteElo "2381"]
[BlackElo "2384"]

1.d4 Nf6 2.Bg5 e6 3.e4 h6 4.Bxf6 Qxf6 5.Nc3 d6 6.Qd2 c6 7.Nf3 Qd8 8.Bd3 Nd7
9.Ne2 e5 10.c3 Qc7 11.O-O Nf6 12.Ng3 Be7 13.h3 O-O 14.Nh2 Qb6 15.Nf3 Qc7
16.Bc2 Nh7 17.Bb3 Ng5 18.Nxg5  1/2-1/2

[Event "National I"]
[Site "Clermont-Ferrand FRA"]
[Date "2003.05.08"]
[Round "8"]
[White "Legky,N"]
[Black "Chernuschevich,A"]
[Result "0-1"]
[WhiteElo "2497"]
[BlackElo "2485"]

1.d4 Nf6 2.Bg5 e6 3.e4 h6 4.Bxf6 Qxf6 5.Nc3 d6 6.Qd2 e5 7.dxe5 dxe5 8.Nd5 Qd8
9.Qc3 Bd6 10.O-O-O O-O 11.f4 c6 12.Ne3 Qe7 13.Nc4 Bc7 14.fxe5 Bg4 15.Nf3 Nd7
16.Rg1 b5 17.Ne3 Nxe5 18.h3 b4 19.Qd2 Rfd8 20.Bd3 Be6 21.Nxe5 Bxe5 22.Kb1 Qc5
23.Qc1 Bf4 24.Rde1 Qa5 25.b3 Qc5 26.Rgf1 Be5 27.Nc4 Bc3 28.Qe3 Rd4 29.Re2 Rad8
30.Nb2 Qa5 31.Qc1 Qh5 32.Ref2 c5 33.Rf3 Bxb2 34.Qxb2 c4 35.bxc4 Bxc4 36.Rc1 Be6
37.Ka1 a5 38.Be2 Qg5 39.Rd3 Rxe4 40.Bf3 Rc4 41.Rxd8+ Qxd8 42.Qe5 Qd2 43.Kb1 a4
44.Bg4 Bxg4 45.hxg4 b3 46.axb3 axb3 47.Qe8+ Kh7 48.Qxf7 bxc2+ 49.Ka2 Qa5+  0-1

[Event "National I"]
[Site "Clermont-Ferrand FRA"]
[Date "2003.05.09"]
[Round "9"]
[White "Legky,N"]
[Black "Lutz,C"]
[Result "1/2-1/2"]
[WhiteElo "2497"]
[BlackElo "2640"]

1.d4 Nf6 2.Bg5 e6 3.Nf3 c5 4.e3 Be7 5.Bd3 b6 6.O-O Bb7 7.c4 O-O 8.Nc3 cxd4
9.exd4 h6 10.Bh4 d5 11.Bxf6 Bxf6 12.cxd5 exd5 13.Qb3 Nc6 14.Qxd5 Qxd5 15.Nxd5 Bxd4
16.Nxd4 Nxd4 17.Be4 Kh8 18.Rfd1 Ne2+ 19.Kf1 Nf4 20.Bf3 Nxd5 21.Bxd5 Ba6+
22.Kg1 Rae8  1/2-1/2

[Event "17th Open"]
[Site "Pula CRO"]
[Date "2003.06.01"]
[Round "1"]
[White "Kovacevic,B"]
[Black "Brkic,D CRO"]
[Result "1-0"]
[WhiteElo "2454"]
[BlackElo "2138"]

1.d4 Nf6 2.Bg5 e6 3.e4 h6 4.Bxf6 Qxf6 5.c3 b6 6.Nd2 Bb7 7.Bd3 g6 8.Ne2 d6
9.O-O Nd7 10.f4 Be7 11.Qe1 a5 12.Qg3 h5 13.Rae1 h4 14.Qh3 Rg8 15.Kh1 g5 16.d5 g4
17.Qe3 Qh6 18.Nd4 h3 19.g3 Kf8 20.dxe6 fxe6 21.f5 Qxe3 22.Nxe6+ Kf7 23.Rxe3 Ne5
24.Bc2 Rgc8 25.Rf4 a4 26.Bd1 Rg8 27.Nxc7 Ra5 28.b4 Ra7 29.Nb5 Raa8 30.Nc7 Rac8
31.Ne6 b5 32.Be2 Ba6 33.Kg1 Kf6 34.Rf1 Rc6 35.Nd4 Rb6 36.Nb1 Bf8 37.Ne6 Bh6
38.Nf4 Rc6 39.Rd1 Rb8 40.Na3 Kf7 41.Rd5 Rcb6 42.Kf2 Bg5 43.Ke1 Be7 44.Nd3 Nd7
45.e5 Bg5 46.Re4 Bb7 47.Rxg4 Bxd5 48.Rxg5 dxe5 49.Rh5 Bxa2 50.Rh7+ Ke8 51.g4 Bc4
52.g5 R8b7 53.Rxh3 Kf8 54.f6 Kg8 55.Re3 Kf7 56.Bh5+ Kf8 57.Nxe5 Nxe5 58.Rxe5 Re6
59.Rxe6 Bxe6 60.g6 Rb6 61.Be2 Bf5 62.g7+ Kg8 63.Bxb5 Rxf6 64.Kd2 Kxg7 65.Bxa4 Rd6+
66.Kc1 Ra6 67.Bc2 Bd7 68.Kb2 Rh6 69.c4 Rxh2 70.b5 Kf8 71.Kc3 Ke7 72.Kb4 Rh4
73.Kc5 Rh5+ 74.Kb6 Kd6 75.Bg6 Rg5 76.Bf7 Rc5 77.Nb1 Rf5 78.Bg6 Rc5 79.Nd2 Rc8
80.c5+ Ke7 81.c6 Bh3 82.Nc4 Rg8 83.Bh7 Rg5 84.Bd3 Rd5 85.Be2 Rf5 86.Na5 Rf2
87.Bc4 Rf4 88.Kc7 Rf8 89.b6 Rc8+ 90.Kb7 Kd6 91.c7 Rf8 92.Bb5 Bc8+ 93.Ka7 Kc5
94.Ba6 Kd6 95.b7 Bxb7 96.Kxb7 Rf7 97.Nc4+ Kc5 98.Kb8 Rxc7 99.Kxc7 Kd5 100.Nd6 Kc5
101.Bb7 Kd4 102.Kc6 Ke5 103.Kc5 Ke6 104.Bc8+ Ke5 105.Bd7 Kf6 106.Kd5 Ke7
107.Bc8 Kf6 108.Bh3 Kg5 109.Ke5 Kg6 110.Ne4 Kf7 111.Kd6 Kf8 112.Be6 Kg7 113.Ke7 Kg6
114.Bg4 Kg7 115.Bf5 Kg8 116.Kf6 Kh8 117.Nd6 Kg8 118.Nf7 Kf8 119.Bh7 Ke8 120.Ne5 Kd8
121.Ke6 Kc7 122.Nd7 Kc6 123.Bd3 Kc7 124.Bb5 Kd8 125.Kd6 Ke8 126.Bc4 Kd8 127.Bf7 Kc8
128.Nc5 Kd8 129.Nb7+ Kc8 130.Kc6 Kb8 131.Kb6 Kc8 132.Be6+ Kb8 133.Nc5 Ka8
134.Bf7  1-0

[Event "IEWCC"]
[Site "Istanbul TUR"]
[Date "2003.06.02"]
[Round "1"]
[White "Danielian,E"]
[Black "Papadopoulou,V"]
[Result "1-0"]
[WhiteElo "2386"]
[BlackElo "2230"]

1.d4 Nf6 2.Bg5 e6 3.Nd2 h6 4.Bf4 d5 5.e3 c5 6.c3 Nc6 7.Ngf3 Be7 8.Bd3 O-O
9.Ne5 cxd4 10.exd4 Nxe5 11.dxe5 Nd7 12.O-O b6 13.Re1 Nc5 14.Bc2 Ba6 15.Nf3 Rc8
16.Qd2 g5 17.Be3 Ne4 18.Qd1 Qc7 19.h4 f5 20.exf6 Bxf6 21.hxg5 hxg5 22.Bxe4 dxe4
23.Nxg5 Bxg5 24.Bxg5 Rf5 25.Bh4 Bd3 26.Re3 Qf4 27.Rg3+ Kf7 28.Rg4 Qe5 29.Qa4 Qc7
30.Re1 Rh8 31.Qd4 Rh7 32.Re3 Qb7 33.Qd8  1-0

[Event "Master Open"]
[Site "Voronezh RUS"]
[Date "2003.06.12"]
[Round "1"]
[White "Elfert,A"]
[Black "Dragomarezkij,E"]
[Result "0-1"]
[WhiteElo "2274"]
[BlackElo "2454"]

1.d4 Nf6 2.Bg5 e6 3.e4 h6 4.Bxf6 Qxf6 5.g3 d6 6.Nf3 Nd7 7.Nc3 g6 8.h4 Bg7
9.Qd3 a6 10.Bg2 Qe7 11.O-O-O b5 12.Nh2 Bb7 13.Rhe1 O-O-O 14.a4 b4 15.Na2 c5
16.Nf3 Kb8 17.Kb1 Rc8 18.dxc5 Nxc5 19.Qxd6+ Qxd6 20.Rxd6 b3 21.cxb3 Bxe4+
22.Rxe4 Nxe4 23.Rxa6 Rhd8 24.Nb4 Rd1+ 25.Ka2 Rcc1 26.Ka3 Bf8  0-1

[Event "IV Open"]
[Site "Lido Estensi ITA"]
[Date "2003.06.14"]
[Round "8"]
[White "Miladinovic,I"]
[Black "Cioara,A"]
[Result "1-0"]
[WhiteElo "2533"]
[BlackElo "2386"]

1.d4 Nf6 2.Bg5 e6 3.e3 h6 4.Bh4 b6 5.Nd2 Bb7 6.Ngf3 d6 7.Bb5+ Nbd7 8.Bxf6 Qxf6
9.Qe2 c6 10.Ba6 Bxa6 11.Qxa6 Qd8 12.h4 Be7 13.g4 d5 14.O-O-O Qc7 15.c4 Nb8
16.Qa4 b5 17.cxb5 cxb5+ 18.Qc2 Qxc2+ 19.Kxc2 Nc6 20.Kb1 Na5 21.Ne5 Nc4 22.Nd3 Nxd2+
23.Rxd2 Rc8 24.h5 Bd6 25.f4 Ke7 26.Rc2 Rxc2 27.Kxc2 g5 28.hxg6 fxg6 29.Kd2 h5
30.Ke2 Kf6 31.Kf2 Kg7 32.Nc5 Bxc5 33.dxc5 b4 34.Kg3 Rc8 35.Rc1 Rc6 36.Rc2 Kf6
37.b3 a5 38.Kf3 e5 39.gxh5 gxh5 40.e4 d4 41.Rc4 h4 42.Rc1 h3 43.f5 Kg5 44.Kg3 d3
45.Rf1 Rh6 46.Kh2 d2 47.Rd1 Kf4 48.Rxd2 Kxe4 49.Rd6 Rh8 50.f6 Kf5 51.c6 Kg6
52.c7 Rc8 53.Rc6 e4 54.Kxh3  1-0

[Event "1st Stage Russian Cup"]
[Site "Tomsk RUS"]
[Date "2003.07.06"]
[Round "3"]
[White "Bykov,V"]
[Black "Monastyrev,S"]
[Result "1-0"]
[WhiteElo "2301"]
[BlackElo "2207"]

1.d4 Nf6 2.Bg5 e6 3.Nd2 Be7 4.e3 O-O 5.Bd3 d5 6.f4 h6 7.Bxf6 Bxf6 8.Ngf3 b6
9.c3 c5 10.Qe2 c4 11.Bc2 a5 12.O-O b5 13.Ne5 b4 14.Ndf3 Qb6 15.g4 Bxe5 16.Nxe5 Nc6
17.Kh1 Nxe5 18.fxe5 b3 19.axb3 cxb3 20.Bd3 Ra7 21.g5 Ba6 22.gxh6 Bxd3 23.Qxd3 g6
24.Rf6 Kh7 25.Rg1 Qa6 26.Rxf7+  1-0

[Event "32nd TCh-GRE"]
[Site "Kallithea Chalkidiki GRE"]
[Date "2003.07.08"]
[Round "5"]
[White "Miladinovic,I"]
[Black "Schmaltz,R"]
[Result "1/2-1/2"]
[WhiteElo "2609"]
[BlackElo "2530"]

1.d4 Nf6 2.Bg5 e6 3.e3 c5 4.c3 b6 5.Nd2 Bb7 6.Ngf3 cxd4 7.exd4 d6 8.Bd3 Nbd7
9.a4 a6 10.Ne4 Be7 11.Ng3 O-O 12.O-O h6 13.Bd2 Re8 14.Re1 Bf8 15.c4 d5 16.b3 dxc4
17.bxc4 a5 18.Rb1 Rc8 19.Bc3 Qc7 20.Rc1  1/2-1/2

[Event "32nd TCh-GRE"]
[Site "Kallithea Chalkidiki GRE"]
[Date "2003.07.09"]
[Round "6"]
[White "Halkias,S"]
[Black "Mastrovasilis,A"]
[Result "1/2-1/2"]
[WhiteElo "2560"]
[BlackElo "2499"]

1.d4 Nf6 2.Bg5 e6 3.e3 c5 4.c3 h6 5.Bh4 cxd4 6.exd4 Be7 7.Nd2 b6 8.Ngf3 O-O
9.Bd3 Ba6 10.Bxa6 Nxa6 11.O-O d6 12.a4 Nc7 13.Bxf6 Bxf6 14.Nc4 g6 15.Re1 Bg7
16.Qb3 Re8 17.h3 Qd7 18.Na3 Rab8 19.Nd2 Red8 20.Ndc4 Nd5 21.Ne3 Ne7 22.Nac2 Qb7
23.Qb5 a6 24.Qe2 b5 25.axb5 axb5 26.Ra2 d5 27.Nb4 Ra8 28.Rea1 Rxa2 29.Rxa2 Nc8
30.Nd3 Nb6 31.Nc5 Qc6 32.Nc2 Ra8 33.Nb4 Qe8 34.Rxa8 Qxa8 35.Qxb5 Qa1+ 36.Kh2 Nc4
37.Nc2 Qc1 38.Qe8+ Bf8 39.Nd7 Qf4+ 40.Kh1 Qc1+ 41.Kh2 Qf4+ 42.Kg1 Qc1+ 43.Kh2  1/2-1/2

[Event "32nd TCh-GRE"]
[Site "Kallithea Chalkidiki GRE"]
[Date "2003.07.09"]
[Round "7"]
[White "Agdestein,S"]
[Black "Gelashvili,T"]
[Result "1-0"]
[WhiteElo "2571"]
[BlackElo "2520"]

1.d4 Nf6 2.Bg5 e6 3.e4 h6 4.Bxf6 Qxf6 5.Nc3 Bb4 6.Ne2 c5 7.dxc5 Bxc5 8.f4 g5
9.e5 Qd8 10.Ne4 gxf4 11.Nxf4 Nc6 12.Qh5 Qa5+ 13.c3 Be7 14.Nd6+ Bxd6 15.exd6 Qe5+
16.Be2 Qxd6 17.O-O Qe5 18.Qh3 Kd8 19.Bh5 f5 20.Ng6 Qc5+ 21.Kh1 Rg8 22.b4 Qc4
23.Rf4 Qd5 24.Rd1 Qxa2 25.b5 Rxg6 26.bxc6 Rg7 27.Bf3 Kc7 28.Qxh6 Rg8 29.Rfd4 bxc6
30.Qf4+ Kd8 31.Qh4+ Kc7 32.Qf4+ Kd8 33.Bxc6 Rg4 34.Rxd7+ Bxd7 35.Rxd7+ Ke8
36.Rxa7+  1-0

[Event "32nd TCh-GRE"]
[Site "Kallithea Chalkidiki GRE"]
[Date "2003.07.11"]
[Round "9"]
[White "Agdestein,S"]
[Black "Papaioannou,I"]
[Result "1/2-1/2"]
[WhiteElo "2571"]
[BlackElo "2574"]

1.d4 Nf6 2.Bg5 e6 3.e4 c5 4.e5 h6 5.Bc1 Nd5 6.c4 Nb6 7.dxc5 Bxc5 8.Qg4 g6
9.Nc3 Nc6 10.Nf3 d6 11.Bf4 dxe5 12.Nxe5 Qf6 13.Nd3 Be7 14.Ne4 Qd4 15.Be3 Qg7
16.Nd2 O-O 17.Qd1 Rd8 18.Be2 e5 19.Qb3 Bf5 20.O-O e4 21.Nf4 Nd4 22.Bxd4 Rxd4
23.Rfd1 Bg5 24.g3 Rad8 25.Nf1 Rxd1 26.Rxd1 Rxd1 27.Bxd1 Qe5 28.Nd5 Nxd5 29.cxd5 Qd4
30.Be2 b6 31.Bc4 Kg7 32.d6 Qxd6 33.Bxf7 Qf6 34.Bd5 Qd4  1/2-1/2